000 00400nam a2200133Ia 4500
008 220216s9999 xx 000 0 und d
100 _aSambhi M S
245 3 _aAn analysis of the plasticity retention index of the standard Malaysian Rubber Scheme
260 _bJournal of Natural Rubber Research
_c1989
300 _a133-140
650 _aPlasticity retention index
650 _aSMR
942 _cJS
999 _c54095
_d54095